| 000 | 00587nam a2200181 i 4500 | ||
|---|---|---|---|
| 001 | 77357 | ||
| 003 | ES-MaACL | ||
| 005 | 20230906173157.0 | ||
| 007 | t| | ||
| 008 | 041008s1976 sp ||||1| spa d | ||
| 100 | 1 |
_aHadjinicolaou, Nicos. _961411 |
|
| 245 | 1 | 0 |
_aHistoria del arte y lucha de clases / _cpor Nicos Hadjinicolaou ; [traducción de Aurelio Garzón del Camino]. |
| 250 | _a[4ª ed.]. | ||
| 260 |
_a[Madrid] : _bSiglo Veintiuno, _c[1976] |
||
| 300 |
_aVII, 231 p. : _bil. ; _c21 cm. |
||
| 700 | 1 |
_aGarzón del Camino, Aurelio. _955821 |
|
| 852 |
_aES-MaACL _jF-7248 _bR.94725 |
||
| 999 |
_c77357 _d77357 |
||